First Level Subdivisions Beginning with The Letter X - Statistics

General Stats
  • This quiz has been taken 6 times
  • The average score is 3 of 6
Answer Stats
Country Subdivision % Correct
China Xinjiang
100%
Laos Xaisomboun
33%
Laos Xékong
33%
Laos Xiangkhouang
33%
Uzbekistan Xorazm
33%
Laos Xaignabouli
17%
No matching quizzes found
Score Distribution
Percent of People with Each Score
Percentile by Number Answered
Your Score History
You have not taken this quiz